Entry Toplantı Adı
001 - KONTROL NUMARASI
- Kontrol alanı: 5992
003 - KONTROL NUMARASI KİMLİĞİ
- Kontrol alanı: TR-BiSEU
005 - SON İŞLEM TARİHİ VE ZAMANI
- Kontrol alanı: 20260207001300.0
008 - SABİT UZUNLUKTAKİ VERİ ÖGELERİ - GENEL BİLGİ
- Sabit uzunlukta kontrol alanı: 260207|| aca||aabn | a|a d
040 ## - KATALOGLAMA KAYNAĞI
- Özgün kataloglama kurumu: TR-BiSEU
- Çeviri kurumu: TR-BiSEU
111 ## - KONU BAŞLIKLARI - TOPLANTI ADI
- Toplantı adı: Rekabet Hukukunda Güncel Gelişmeler Sempozyumu (2. : 2004 : Kayseri)
670 ## - BİLGİNİN KAYNAĞI
- Bilginin alındığı kaynak: KOHA: (TR-BiSEU)2029: Rekabet Hukukunda Güncel Gelişmeler Sempozyumu (2. : 2004 : Kayseri), Rekabet hukukunda güncel gelişmeler sempozyumu 2, 9 Nisan 2004.
